000 00222nam a2200121Ia 4500
100 _a#N/A
650 _aComputer/ IT
942 _cBK
654 _aphotosynth
245 _aBY DEMAND
260 _b#N/A
546 _aENGLISH
999 _c23577
_d23577